00941cam a2200289 45000010005000000030006000050050017000110080041000280100017000690200018000860400023001040420009001270500019001360820012001551000021001672450087001882500037002752600029003123000039003415050007003805200145003875210018005325210018005506500019005686500031005877000033006182264FISKH20231114092922.0710407t19711968inua a 000 1 eng  a 71137716  a9780749707958 aDLCcDLCdDLCbeng alcac00aPZ7.T5973bOw400a823.9141 aTomlinson, Jill.14aThe owl who was afraid of the dark /cJill Tomlinson ; Illustrated by Susan Hellar aThis new edition published 1992  aLondon :bMammoth,c1968 a96 pages :billustrations ;c20 cm aN  aOwls are supposed to be night birds, but young Plop is afraid of the dark, despite how much other people and animals tell him they enjoy it.8 a550 bLexile 8 aN bRaz-Plus  1aOwlsvFiction. 1aFear of the darkvFiction.1 aHellard, Susaneillustrator